[Event "CHESS"]
[Site "http://www.queenalice.com/game.php?id=376861"]
[Date "2008.3.25"]
[Round "-"]
[White "junelorena"]
[Black "kamitnishi"]
[Result "1-0"]
[WhiteElo "1409"]
[BlackElo "1339"]

1. d4 Nf6 2. Nc3 d5 3. e4 dxe4 4. f3 exf3 5. Nxf3 g6 6. Bd3 Bg7 7. O-O Nc6 8.
Qe1 Nxd4 9. Qh4 Nxf3+ 10. Rxf3 Ng4 11. Bf4 c6 12. Rd1 Qb6+ 13. Kf1 1-0

[Event "Chess!"]
[Site "http://www.queenalice.com/game.php?id=376869"]
[Date "2008.3.25"]
[Round "-"]
[White "kamitnishi"]
[Black "junelorena"]
[Result "0-1"]
[WhiteElo "1391"]
[BlackElo "1393"]

1. e4 c5 2. d4 cxd4 3. c3 dxc3 4. Nxc3 Nc6 5. Nf3 d6 6. Bc4 Nf6 7. O-O e5 8. Ng5
Be6 9. Nxe6 fxe6 10. Bxe6 Qe7 11. Nd5 Nxd5 12. exd5 Nd4 0-1

[Event "Let's Play Chess!"]
[Site "http://www.queenalice.com/game.php?id=376921"]
[Date "2008.3.25"]
[Round "-"]
[White "pcescritor"]
[Black "kamitnishi"]
[Result "0-1"]
[WhiteElo "1817"]
[BlackElo "1552"]

1. e4 c5 2. Nf3 d6 3. Bc4 Nc6 4. Ng5 e6 5. Nh3 Nf6 6. Bb5 Bd7 7. d3 a6 8. Bxc6
bxc6 9. Bg5 Be7 10. Qf3 h6 11. Bxf6 Bxf6 12. c3 d5 13. Nd2 Rb8 14. Rb1 e5 15.
exd5 cxd5 16. Qxd5 Bxh3 17. Qc6+ Bd7 18. Qxc5 Qb6 19. Qc4 O-O 20. Nb3 Bb5 21.
Qd5 Rbd8 22. Qf3 Bxd3 23. Rd1 e4 24. Qe3 Qb5 25. g3 Bg5 26. f4 exf3 27. Qxf3
Rfe8+ 28. Kf2 Re2+ 29. Kg1 Be3+ 30. Kf1 Rf2+ 31. Ke1 Rxf3 32. Nc1 Bf2+ 33. Kd2
Qxb2# 0-1

[Event "AUTO-OPEN-1081"]
[Site "http://www.queenalice.com/game.php?id=381745"]
[Date "2008.4.3"]
[Round "1"]
[White "xyz"]
[Black "kamitnishi"]
[Result "1-0"]
[WhiteElo "2009"]
[BlackElo "1325"]

1. e4 c5 2. Nf3 Nc6 3. d4 cxd4 4. Bc4 d6 5. Nxd4 Nf6 6. Nc3 g6 7. Nxc6 bxc6 8.
e5 Ng4 9. e6 Ne5 10. exf7+ Nxf7 11. Bxf7+ Kxf7 12. Qf3+ Kg7 13. Qxc6 Bf5 14. Be3
Bxc2 15. O-O Rc8 16. Qd5 e5 17. Rac1 Bf5 18. Ne4 Be7 19. Rxc8 Qxc8 20. Nxd6 1-0

[Event "AUTO-OPEN-1081"]
[Site "http://www.queenalice.com/game.php?id=381746"]
[Date "2008.4.3"]
[Round "1"]
[White "kamitnishi"]
[Black "xyz"]
[Result "0-1"]
[WhiteElo "1391"]
[BlackElo "2003"]

1. e4 e6 2. Nc3 d5 3. exd5 exd5 4. d4 Bb4 5. Bd2 Ne7 6. Nf3 Nbc6 7. Bd3 Bg4 8.
a3 Bxc3 9. Bxc3 Qd7 10. h3 Bh5 11. Qe2 O-O-O 12. O-O-O Kb8 13. g4 Bg6 14. Bb5 f6
15. Rhe1 Nc8 16. Nh4 Rhe8 17. Qd2 Nd6 18. Bd3 Ne4 19. Bxe4 Bxe4 0-1

[Event "AUTO-OPEN-1081"]
[Site "http://www.queenalice.com/game.php?id=381771"]
[Date "2008.4.3"]
[Round "1"]
[White "Lordofchess"]
[Black "kamitnishi"]
[Result "0-1"]
[WhiteElo "1201"]
[BlackElo "1500"]

1. d4 Nf6 2. e3 d5 3. Bd2 c5 4. dxc5 e5 5. Bc3 Nc6 6. f4 Bxc5 7. fxe5 Ne4 8. Bd2
Nxe5 9. Qh5 Qf6 10. Qe2 Bg4 11. Qb5+ Bd7 12. Qxb7 Qf2+ 13. Kd1 Qxf1+ 14. Be1
Nf2+ 15. Kd2 Nc4+ 16. Kc3 Qxe1+ 17. Nd2 Qxe3# 0-1

[Event "AUTO-OPEN-1081"]
[Site "http://www.queenalice.com/game.php?id=381772"]
[Date "2008.4.3"]
[Round "1"]
[White "kamitnishi"]
[Black "Lordofchess"]
[Result "1-0"]
[WhiteElo "1551"]
[BlackElo "1155"]

1. e4 c5 2. d4 Qb6 3. Nf3 Nh6 4. h3 e6 5. c3 cxd4 6. cxd4 Bb4+ 7. Bd2 d5 8. exd5
exd5 9. Bxb4 Qxb4+ 10. Qd2 a5 11. Nc3 a4 12. Nxd5 Qd6 13. Rc1 Nc6 14. Nb6 Qb8
15. d5 Ne7 16. Bb5+ Bd7 17. Bxd7+ Kd8 18. d6 Nef5 19. Bxf5 Nxf5 20. Qg5+ f6 21.
Qxf5 Re8+ 22. Kf1 Ra6 23. Qd7# 1-0

[Event "AUTO-OPEN-1081"]
[Site "http://www.queenalice.com/game.php?id=381787"]
[Date "2008.4.3"]
[Round "1"]
[White "Kuroi"]
[Black "kamitnishi"]
[Result "1-0"]
[WhiteElo "1263"]
[BlackElo "1493"]

1. d4 d5 2. Nc3 Nf6 3. e3 c5 4. dxc5 e5 5. Bb5+ Bd7 6. Nf3 Qc7 7. Nxd5 Nxd5 8.
Qxd5 Bxb5 9. Nxe5 Nc6 10. Nd3 Rd8 11. Qe4+ Qe7 12. Qf3 Bxd3 13. cxd3 Rxd3 14.
Qe2 Qe4 15. a4 Bxc5 16. Qh5 Qxg2 17. Rf1 Bb4+ 18. Ke2 O-O 19. Qb5 Rfd8 20. Qxb7
Rd2+ 21. Bxd2 1-0

[Event "AUTO-OPEN-1081"]
[Site "http://www.queenalice.com/game.php?id=381788"]
[Date "2008.4.3"]
[Round "1"]
[White "kamitnishi"]
[Black "Kuroi"]
[Result "0-1"]
[WhiteElo "1588"]
[BlackElo "1233"]

1. e4 e5 2. Nf3 d6 3. Bc4 Nf6 4. Nc3 Nc6 5. h3 Nb4 6. a3 Nc6 7. Ng5 d5 8. exd5
Nd4 9. d6 Ng8 10. Nxf7 Qf6 11. Nxh8 Nh6 12. Ne4 Qf5 13. Bd3 g5 14. Qh5+ Nf7 15.
Qxf7+ Qxf7 16. Nxf7 Kxf7 17. dxc7 Nf5 18. Nxg5+ Kg6 19. Bxf5+ Bxf5 0-1

[Event "Challenge"]
[Site "http://www.queenalice.com/game.php?id=384427"]
[Date "2008.4.9"]
[Round "-"]
[White "kamitnishi"]
[Black "gbsalvio"]
[Result "0-1"]
[WhiteElo "1339"]
[BlackElo "2440"]

1. e4 e5 2. f4 exf4 3. Nf3 d6 4. Bc4 Be6 5. Qe2 Nd7 6. d4 Qf6 7. Nc3 O-O-O 8.
O-O g5 9. h3 Bxc4 10. Qxc4 Nb6 11. Qb5 h6 12. a4 Ne7 13. a5 a6 14. Qd3 Nd7 15.
b4 c6 16. b5 cxb5 17. Nxb5 axb5 18. a6 Kc7 19. Qxb5 Rb8 20. Bd2 b6 21. d5 Bg7
22. Ra4 Rhc8 23. Rb1 Kd8 24. c4 Qg6 25. Be1 Rc7 26. Bf2 Ra7 27. Ra3 h5 28. Qa4
g4 29. hxg4 hxg4 0-1

[Event "Challenge"]
[Site "http://www.queenalice.com/game.php?id=384428"]
[Date "2008.4.9"]
[Round "-"]
[White "gbsalvio"]
[Black "kamitnishi"]
[Result "1-0"]
[WhiteElo "2439"]
[BlackElo "1391"]

1. Nc3 d5 2. e4 Nf6 3. d4 dxe4 4. f3 exf3 5. Nxf3 Bg4 6. h3 Bxf3 7. Qxf3 c6 8.
Qf2 Nbd7 9. Bd3 e5 10. Be3 Bb4 11. O-O Bxc3 12. bxc3 O-O 13. Qg3 e4 14. Be2 Kh8
15. c4 Qa5 16. a4 Qc3 17. Ra2 b6 18. Rb1 c5 19. a5 cxd4 20. Rb3 Qxe3+ 21. Rxe3
dxe3 22. Qxe3 1-0

[Event "AUTO-OPEN-1086"]
[Site "http://www.queenalice.com/game.php?id=384498"]
[Date "2008.4.9"]
[Round "1"]
[White "kamitnishi"]
[Black "KobeB"]
[Result "0-1"]
[WhiteElo "1409"]
[BlackElo "1751"]

1. e4 e5 2. f4 exf4 3. Nf3 g5 4. Bc4 g4 5. O-O gxf3 6. Qxf3 Qf6 7. c3 Nc6 8. d4
d6 9. Bxf4 Be6 10. d5 Ne5 11. Bxe5 Qxf3 12. Rxf3 dxe5 13. dxe6 fxe6 14. Nd2
O-O-O 15. Nb3 Be7 16. Bxe6+ Kb8 17. Raf1 a6 18. Rf7 Bd6 19. c4 Re8 20. Bf5 Nh6
21. Rxh7 Nxf5 22. Rxh8 Rxh8 23. exf5 e4 0-1

[Event "AUTO-OPEN-1086"]
[Site "http://www.queenalice.com/game.php?id=384499"]
[Date "2008.4.9"]
[Round "1"]
[White "KobeB"]
[Black "kamitnishi"]
[Result "1-0"]
[WhiteElo "1753"]
[BlackElo "1403"]

1. e4 c5 2. Nf3 d6 3. Bb5+ Nc6 4. O-O a6 5. Bxc6+ bxc6 6. Re1 e6 7. Nc3 Nf6 8.
d4 d5 9. e5 Nd7 10. Bg5 Be7 11. Bxe7 Qxe7 12. Qd2 cxd4 13. Nxd4 Bb7 14. a3 c5
15. Nf3 O-O 16. Ne2 Rac8 17. Ng3 Rb8 18. h4 d4 19. Qd3 Bxf3 20. Qxf3 Rxb2 21.
Qg4 Rxc2 22. Nh5 f5 23. exf6 1-0

[Event "AUTO-OPEN-1097"]
[Site "http://www.queenalice.com/game.php?id=389420"]
[Date "2008.4.18"]
[Round "1"]
[White "ORNELAS"]
[Black "kamitnishi"]
[Result "1-0"]
[WhiteElo "1539"]
[BlackElo "1663"]

1. d4 Nf6 2. Nf3 g6 3. c3 Bg7 4. Bg5 d6 5. Qd2 c6 6. Bh6 O-O 7. Bxg7 Kxg7 8. Ng5
h6 9. Nf3 Nbd7 10. g3 c5 11. dxc5 Nxc5 12. b4 Nce4 13. Qd3 Bf5 14. Nh4 Qd7 15.
Bg2 d5 16. Nxf5+ Qxf5 17. O-O Rad8 18. Nd2 Nxd2 19. Qxd2 e5 20. a3 d4 21. cxd4
Rxd4 22. Qe3 Qh5 23. Qb3 Qxe2 24. Rae1 Qb5 25. h4 Rfd8 26. Kh2 Rd3 27. Qb1 Rxa3
28. Qb2 Rdd3 29. Rxe5 Ng4+ 30. Kh3 Qxe5 31. Qxe5+ Nxe5 32. Re1 Nc6 33. b5 1-0

[Event "AUTO-OPEN-1097"]
[Site "http://www.queenalice.com/game.php?id=389421"]
[Date "2008.4.18"]
[Round "1"]
[White "kamitnishi"]
[Black "ORNELAS"]
[Result "1-0"]
[WhiteElo "1551"]
[BlackElo "1094"]

1. e4 e5 2. d4 Bd6 3. dxe5 Bxe5 4. f4 Bd4 5. Nf3 f6 6. Nxd4 Qe7 7. Nc3 Nc6 8.
Nxc6 dxc6 9. Bd3 Bd7 10. Be3 Be6 11. Qf3 Qb4 12. O-O Qxb2 13. Na4 Qb4 14. Nc5
Bf7 15. e5 O-O-O 16. Rab1 Qa3 17. Rxb7 Ne7 18. Rfb1 Bd5 19. Rb8# 1-0

[Event "AUTO-OPEN-1097"]
[Site "http://www.queenalice.com/game.php?id=389442"]
[Date "2008.4.18"]
[Round "1"]
[White "kamitnishi"]
[Black "emredostmetu"]
[Result "0-1"]
[WhiteElo "1399"]
[BlackElo "2142"]

1. e4 c5 2. d4 cxd4 3. c3 dxc3 4. Nxc3 Nc6 5. Bc4 d6 6. Nf3 e6 7. O-O Be7 8. Qe2
Nf6 9. Rd1 Nd7 10. Bf4 e5 11. Bg3 a6 12. Rac1 O-O 13. Nd5 Nb6 14. Nxe7+ Qxe7 15.
Bh4 Qc7 16. Bb3 Be6 0-1

[Event "AUTO-OPEN-1097"]
[Site "http://www.queenalice.com/game.php?id=389443"]
[Date "2008.4.18"]
[Round "1"]
[White "emredostmetu"]
[Black "kamitnishi"]
[Result "1-0"]
[WhiteElo "2143"]
[BlackElo "1399"]

1. d4 Nf6 2. c4 d6 3. Nc3 g6 4. Bg5 Bg7 5. e3 Nbd7 6. Nf3 O-O 7. Bd3 c6 8. O-O
e5 9. Qc2 Qe8 10. Rfe1 Nb6 11. Rad1 Bg4 12. Be2 Rc8 13. b3 e4 14. Nd2 Bxe2 15.
Rxe2 d5 16. c5 Nbd7 17. f3 h6 18. Bf4 1-0